00295 a2200121 450000100060000000300050000608200160001110000240002724500540005126000400010530000100014550000180015589933NUST a297.352 ASI aAsif Mahmood Jah Dr aAllah, Kaaba aur BandacDr Asif Mahmood JahhUrdu aLahorebIlmo Irfan Publishersc2013 a400p. aGeneral Books